000
00304nam a2200145Ia 4500
100
_a
Binder/kate
650
_a
Automobiles
942
_c
BK
654
_a
Photoshop 4 Complete
245
_a
Photoshop 4 Complete
260
_b
Techmedia
_a
NewDelhi
300
_a
1054
546
_a
ENGLISH
999
_c
17879
_d
17879